00352nam a2200133Ia 4500008004100000041000800041082001500049100001600064245007300080260001700153300000800170365001700178700002300195230718s9999 xx 000 0 und d aeng a363.7bGOU aGoudie A.S. aEncyclopedia Of Global Change Environmental Change And Human Society c2002bOxford a710 cRs.b5140.00 aGoudie A.S. & Cuff